| 000 | 00936nam a22002897a 4500 | ||
|---|---|---|---|
| 001 | BR7701954 | ||
| 003 | BR-BrBNA | ||
| 005 | 20230928085240.0 | ||
| 007 | ta | ||
| 008 | 230509b bl.||||| |||| 00| 0 por d | ||
| 040 |
_aBR-BrBNA _bpor _cBiblioteca Nacional de Agricultura |
||
| 041 | _a(Por) | ||
| 072 |
_aP12 _b0230 |
||
| 090 | _ 0230 BR7701954 | ||
| 100 | 1 | _aNova, N.A.V. | |
| 100 | 1 | _aScardua, R. | |
| 100 | 1 | _aBacchi, O.O.S. | |
| 110 | 1 |
_aPrograma Nacional de Melhoramento da Cana-de-Acucar, Piracicaba, SP (Brasil). Coordenadoria Geral _98029 |
|
| 245 | 1 | _aConsideracoes sobre a utilizacao do tanque classe A na estimativa da quantidade e frequencia de aplicacao de agua, na irrigacao da cana-de-acucar [Saccharum spp] | |
| 260 | 3 |
_aPiracicaba, SP (Brasil): _c1977. |
|
| 300 | _a13 p. | ||
| 650 | _aIRRIGACAO | ||
| 650 | _aCANA DE ACUCAR | ||
| 650 | _aAGUA | ||
| 909 |
_a202309 _bLucia _c55 _dLucia Elande |
||
| 942 | _cBK | ||
| 999 |
_c23488 _d23488 |
||